| 000 | 00598nam a2200181Ia 4500 | ||
|---|---|---|---|
| 008 | 090123s9999 xx 000 0 und d | ||
| 082 |
_b17013 _a891.463/हरका |
||
| 100 | _aहरकारे अरुण | ||
| 245 | _aकर्तव्य आणि पैसा | ||
| 250 | _a1 | ||
| 260 |
_bरावजी प्रकाशन _c1987 |
||
| 300 | _a175 | ||
| 600 | _aहरकारे अरुण | ||
| 630 | _aकर्तव्य आणि पैसा | ||
| 700 | _aहरकारे अरुण | ||
| 730 | _aकर्तव्य आणि पैसा | ||
| 942 | _cBOOK | ||
| 999 |
_c55073 _d55073 |
||